Nácidas para la libertad: Una historia de las mujeres en los Estados Unidos

Na minha lista:
Detalhes bibliográficos
Autor principal: Evans, Sara M.
Formato: Livro
Idioma:Undetermined
Publicado em: Buenos Aires, Argentina Editorial Sudamericana 1993
Assuntos:
Tags: Adicionar Tag
Sem tags, seja o primeiro a adicionar uma tag!

MARC

LEADER 00000nam a2200000Ia 4500
008 170316s9999 xx 000 0 und d
999 |c 28952  |d 28952 
040 |a cru BVZT 
090 |a H-810 E-1n 
100 |a Evans, Sara M. 
245 |a Nácidas para la libertad: Una historia de las mujeres en los Estados Unidos 
260 |a Buenos Aires, Argentina 
260 |b Editorial Sudamericana 
260 |c 1993 
300 |a 349 páginas 
650 |a LITERATURA ESTADOUNIDENSE  |9 25 
650 |a HISTORIA  |9 90 
942 |c 15 D  |h H-810 E-1n  |2 z